01007nam a2200241Ia 4500003000900000008004100009020001800050040001600068080002800084100003800112245022500150260004500375300001600420490002800436650003300464650004100497650004600538650002300584700002900607942000700636999001700643952010500660IN-BaIIA211028s9999 xx 000 0 eng d a92-9092-049-1 cIIA Library a520.6.05(524.64)bESA-B aCourvoisier, Thierry J. -L917927 0aIUE-ULDA access guidebno. 4, vol. B, International ultraviolet explorer - uniform low dispersion archive active galactic nucleicThierry J.- L. Courvoisier; compiled by Stephane Paltani  aNetherlandsbEuropean Space Agencyc1992 a2v. (850p.) aESA SP-1153 B July 1992 aActive galactic nuclei96209 aAstronomy and astrophysics thesaurus aInternational ultraviolet explorer912266 aIUE spectra917928 aPaltani, Stephane917929 cBK c10543d10543 00104070aBANbBANcGENd1993-02-02l0o520.6.05(524.64)/ ESA-Bp11454r2021-11-05w1993-02-02yBK